000 00572nam a2200181Ia 4500
008 090122s9999 xx 000 0 und d
082 _b1565
_a891.4683
100 _aपिंगे
_bरविंद्र
245 _aमोकळं आकाश
260 _bप्रेस्टीज
_c1978
300 _a167
501 _aदेणगी - श्री भवसार यांजकडून
600 _aपिंगे
630 _aमोकळं आकाश
700 _aपिंगे
730 _aमोकळं आकाश
942 _cBOOK
999 _c25643
_d25643